Statistics for Spanish Place Names in California

Click here to take the quiz!

General Stats

  • This quiz has been taken 96 times
  • The average score is 23 of 52

Answer Stats

English TranslationSpanish Name% Correct
'The Angels'Los Angeles
84%
'Sacrament'Sacramento
83%
'Saint Francis'San Francisco
81%
'Saint Joseph'San Jose
80%
'Saint Mary'Santa Maria
75%
'Ranch'{Rancho} Cucamonga
72%
'View'Vista
70%
'The Table'La Mesa
69%
'Good'{Buena} Park
69%
'Modest'Modesto
66%
'The Cats'Los Gatos
64%
'The Second'El Segundo
63%
'Saint Matthew'San Mateo
63%
'Holy Cross'Santa Cruz
61%
'Saint Mark'San Marcos
59%
'The Center'El Centro
58%
'Coast Table'Costa Mesa
58%
'Saint Charles'San Carlos
56%
'Lagoon'{Laguna} Beach
56%
'Saint Paul'San Pablo
53%
'River View'Rio Vista
52%
'Green Sticks'{Palos} {Verdes} Estates
52%
'Saint Louis [the] Bishop [of Toulouse]'San Luis Obispo
50%
'Crown'Corona
50%
'The Baths'Los Banos
48%
'Ranch [of] Saint Margaret'Rancho Santa Margarita
47%
'Saint Claire'Santa Clarita
47%
'Indian'Indio
44%
'Trinity'Trinidad
44%
'Tall Stick'Palo Alto
42%
'Saint James'San Diego
41%
'Saint John [the] Baptist'San Juan Bautista
41%
'Wood'Madera
41%
'Hidden'Escondido
39%
'Solitude'Soledad
33%
'Mercy'Merced
30%
'The Glen'{La} {Cañada} Flintridge
30%
'The Look'La Mirada
30%
'Saint Leonard'San Leandro
27%
'The Mountain'El Monte
25%
'Ash Tree' (one word)Fresno
23%
'Beautiful View'Chula Vista
23%
'Tar' or 'Pitch'Brea
23%
'The Drawer'El Cajon
22%
'The Bridge'La Puente
20%
'Carpentry'Carpinteria
19%
'Butter' or 'Lard'Manteca
17%
'The [Small] Cottonwoods'Los Alamitos
13%
'Old Alder'Aliso Viejo
13%
'Little Hills' (one word)Cerritos
11%
'Poplar Grove' (one word)Alameda
9%
'Schooner' (type of ship)Goleta
3%

Score Distribution

Percentile by Number Answered

Percent of People with Each Score

Your Score History

You have not taken this quiz